Republic of Estonia : Selected Issues.

This Selected Issues paper examines developments in Estonia's expanding net external obligations, as well as in domestic income flows and balance sheets. The paper discusses external current account and net international investment positions. Domestic investment and saving and balance sheet dev...

Descrizione completa

Dettagli Bibliografici
Ente Autore: International Monetary Fund
Natura: Periodico
Lingua:English
Pubblicazione: Washington, D.C. : International Monetary Fund, 2004.
Serie:IMF Staff Country Reports; Country Report ; No. 2004/357
Accesso online:Full text available on IMF
LEADER 01628cas a2200241 a 4500
001 AALejournalIMF003305
008 230101c9999 xx r poo 0 0eng d
020 |c 5.00 USD 
020 |z 9781451812381 
022 |a 1934-7685 
040 |a BD-DhAAL  |c BD-DhAAL 
110 2 |a International Monetary Fund. 
245 1 0 |a Republic of Estonia :   |b Selected Issues. 
264 1 |a Washington, D.C. :  |b International Monetary Fund,  |c 2004. 
300 |a 1 online resource (44 pages) 
490 1 |a IMF Staff Country Reports 
500 |a <strong>Off-Campus Access:</strong> No User ID or Password Required 
500 |a <strong>On-Campus Access:</strong> No User ID or Password Required 
506 |a Electronic access restricted to authorized BRAC University faculty, staff and students 
520 3 |a This Selected Issues paper examines developments in Estonia's expanding net external obligations, as well as in domestic income flows and balance sheets. The paper discusses external current account and net international investment positions. Domestic investment and saving and balance sheet developments for the domestic sectors are covered. The paper makes use of the IMF's new Global Econometric Model to investigate and quantify the role of market flexibility in Estonia. It also compares the results of simulations made under different assumptions about labor market and goods market flexibility. 
538 |a Mode of access: Internet 
830 0 |a IMF Staff Country Reports; Country Report ;  |v No. 2004/357 
856 4 0 |z Full text available on IMF  |u http://elibrary.imf.org/view/journals/002/2004/357/002.2004.issue-357-en.xml  |z IMF e-Library